| 000 | 00434 a2200169 4500 | ||
|---|---|---|---|
| 001 | 066860 | ||
| 003 | OSt | ||
| 005 | 20211018151146.0 | ||
| 008 | |||
| 082 |
_a003.3 _bR73S |
||
| 100 | 1 | _aRoss, Sheldon M. | |
| 245 | 1 |
_aSimulation _cby Sheldon M. Ross |
|
| 260 |
_aU.K. _bAcademic Press _c2009 |
||
| 300 | _a298p. | ||
| 690 | _aComputer simulation; Probabilities; Random variables | ||
| 942 |
_2ddc _cBK |
||
| 999 |
_c856 _d856 |
||